00359nam a2200157Ia 4500008004000000041000800040082001200048100001300060245003200073260003900105650001300144650000700157650001400164650001000178700001300188210210b1957 xxu||||| |||| 00| 0 eng d aeng a829/548 aHAYCRAFT aTreasury of great mysteries aNew YorkbSimon and Schusterc1957 aTreasury aof amysteries agreat aBEECROFT